01526nab a2200433 a 450000100060000000300080000600500170001400600190003100700150005000800410006502200140010603500210012004000260014105000220016708000080018908200180019710000210021522200660023624501110030226000430041330000130045631000180046936200210048753301640050865000290067265000280070165000270072965000260075665000250078265000270080765300140083465300220084865500320087070000260090271000190092874000670094785600610101499900170107596610FlNmELB20241217172612.0m o d | cr cn|||||||||201104r2001 uy |||||s|||||||||||spa d a0254-2439 a(OCoLC)955424166 aFlNmELBbspacFlNmELB 4aLC1041bE295 2001 a37704a370.113052221 aEgger, Philippe. 0aBoletín técnico interamericano de formación profesional10aProblemas y políticas del trabajo decenteh[recurso electronico] /cPhilippe Egger, Werner Sengenberger. a[Montevideo] :bCINTERFOR/OIT,c[2001] a27-68 p. aCuatrimestral0 aNum. 151 (2001)- aRecurso electrónico. Santa Fe, Arg.: e-libro, 2015. Disponible vía World Wide Web. El acceso puede estar limitado para las bibliotecas afiliadas a e-libro. 0aFormación profesional. 0aEducación vocacional. 0aEducación técnica. 0aVocational education. 0aTechnical education. 0aOccupational training. aFormacion aEducacion tecnica 4aArtículos electrónicos.1 aSengenberger, Werner.2 ae-libro, Corp.02aBoletín técnico interamericano de formación profesional.40uhttps://elibro.net/ereader/politecnicointernacional/9054 c96610d96610